Statistics for Word Diamond

Click here to take the quiz!

General Stats

  • This quiz has been taken 15 times
  • The average score is 7 of 15

Answer Stats

ClueAnswer% Correct
The number most often expressed in the form 3.14 (2)Pi
100%
Ten of these make 1 US Dollar (5)Dimes
77%
Ready/Prepared, or a numerical value only divisible by itself and 1 (5)Prime
77%
To tear apart (3)Rip
77%
I am (2)I'm
69%
The outermost layer of skin (9)Epidermis
62%
A half (4)Semi
54%
(abbreviation) A predicted model or outcome of events (3)Sim
38%
A group of states ruled from a central location, most typically associated with Rome or Britain (6)Empire
31%
Fairy-like spirits of Persia (4)Peri
31%
A person's death/passing (6)Demise
15%
Canadian programmer most known for his work on the Civilization series (8)Sid Meier
15%
Eponymous regional capital in Cambodia (8)Siem Reap
8%
Attempted a second thrust after a failed first attempt (7)Remised
0%
Strip of worked leather, criss-crossed on the backs of chairs (7)Riempie
0%

Score Distribution

Percentile by Number Answered

Percent of People with Each Score

Your Score History

You have not taken this quiz